Statistics for UK Members of Parliament 2015-2017- Politics

Click here to take the quiz!

General Stats

  • This quiz has been taken 332 times
    (288 since last reset)
  • The average score is 44 of 650

Answer Stats

PartyConstituencyMP% Correct
ConservativeMaidenheadTheresa May
90%
LabourIslington NJeremy Corbyn
85%
LabourHackney N & Stoke NewingtonDiane Abbott
72%
ConservativeUxbridge & Ruislip SBoris Johnson
71%
ConservativeHastings & RyeAmber Rudd
55%
ConservativeSurrey HeathMichael Gove
55%
LibDemSheffield HallamNick Clegg
55%
ConservativeRunnymede & WeybridgePhilip Hammond
52%
GreenBrighton PavilionCaroline Lucas
50%
LibDemWestmorland & LonsdaleTim Farron
50%
LabourHayes & HarlingtonJohn McDonnell
47%
ConservativeHaltemprice & HowdenDavid Davis
46%
ConservativeSurrey SWJeremy Hunt
45%
LabourWallaseyAngela Eagle
43%
LabourNormanton, Pontefract & CastlefordYvette Cooper
43%
LabourDoncaster NEd Miliband
42%
ConservativeTattonGeorge Osborne
42%
ConservativeSomerset NEJacob Rees-Mogg
40%
LabourIslington S & FinsburyEmily Thornberry
39%
SpeakerBuckinghamJohn Bercow
38%
LabourWest Bromwich ETom Watson
38%
ConservativeNorthamptonshire SAndrea Leadsom
35%
LabourLeighAndy Burnham
35%
ConservativeRushcliffeKenneth Clarke
35%
ConservativeBroxtoweAnna Soubry
34%
LabourTottenhamDavid Lammy
34%
ConservativeNorfolk SWElizabeth Truss
34%
ConservativePutneyJustine Greening
34%
ConservativeSomerset NLiam Fox
34%
ConservativeWellingboroughPeter Bone
34%
LabourLeeds CentralHilary Benn
33%
LabourLeicester WElizabeth Kendall
32%
LabourAshton Under LyneAngela Rayner
31%
LabourBolsoverDennis Skinner
31%
LabourGarston & HalewoodMaria Eagle
31%
LabourPontypriddOwen Smith
31%
LabourSalford & EcclesRebecca Long-Bailey
31%
LabourCamberwell & PeckhamHarriet Harman
30%
ConservativeCambridgeshire SHeidi Allen
30%
SNPRoss, Skye & LochaberIan Blackford
30%
ConservativeWithamPriti Patel
30%
ConservativeMonmouthDavid Davies
29%
LabourLewisham EHeidi Alexander
29%
LabourDerby SMargaret Beckett
29%
LabourAberavonStephen Kinnock
29%
LabourVauxhallKate Hoey
28%
ConservativeTelfordLucy Allan
27%
DUPAntrim NIan Paisley
26%
LabourLiverpool WavertreeLuciana Berger
26%
LibDemNorfolk NNorman Lamb
26%
SNPGordonAlex Salmond
25%
LabourBassetlawJohn Mann
25%
LabourLiverpool RiversideLouise Ellman
25%
LabourLancaster & FleetwoodCatherine Smith
24%
ConservativeAshfordDamian Green
24%
ConservativeSelby & AinstyNigel Adams
24%
ConservativeEpsom & EwellChris Grayling
23%
LabourManchester GortonGerald Kaufman
23%
LabourLeicester EKeith Vaz
23%
ConservativeMorecambe & LunesdaleDavid Morris
22%
LabourBirkenheadFrank Field
22%
LabourWarrington NHelen Jones
22%
LabourDurham NKevan Jones
22%
LabourBarkingMargaret Hodge
22%
ConservativeLichfieldMichael Fabricant
22%
ConservativeSevenoaksMichael Fallon
22%
ConservativeWorthing WPeter Bottomley
22%
ConservativeBromsgroveSajid Javid
22%
LabourWalthamstowStella Creasy
22%
LabourLiverpool W DerbyStephen Twigg
22%
ConservativeChipping BarnetTheresa Villiers
22%
ConservativeIpswichBen Gummer
21%
ConservativeStoneBill Cash
21%
ConservativeBrentwood & OngarEric Pickles
21%
LabourHyndburnGraham Jones
21%
ConservativeOrpingtonJoseph Johnson
21%
LabourWakefieldMary Creagh
21%
ConservativeCheadleMary Robinson
21%
LabourNewcastle Upon Tyne ENicholas Brown
21%
ConservativeSussex MidNicholas Soames
21%
LabourLeeds WRachel Reeves
21%
LabourLancashire WRosie Cooper
21%
LabourDoncaster CentralRosie Winterton
21%
ConservativeCongletonFiona Bruce
20%
ConservativeBasingstokeMaria Miller
20%
ConservativeHitchin & HarpendenPeter Lilley
20%
LabourCynon ValleyAnn Clwyd
19%
LabourBarnsley CentralDan Jarvis
19%
UKIPClactonDouglas Carswell
19%
ConservativeAltrincham & Sale WGraham Brady
19%
ConservativeChingford & Woodford GreenIain Duncan Smith
19%
ConservativeStaffordshire MoorlandsKaren Bradley
19%
LabourWirral WMargaret Greenwood
19%
LabourBrent CentralDawn Butler
18%
LabourNottingham NGraham Allen
18%
LabourHolborn & St PancrasKeir Starmer
18%
LabourWiganLisa Nandy
18%
ConservativeRibble ValleyNigel Evans
18%
ConservativeTotnesSarah Wollaston
18%
ConservativeEastbourneCaroline Ansell
17%
ConservativeClwyd WDavid Jones
17%
LabourOldham E & SaddleworthDebbie Abrahams
17%
LabourBirmingham EdgbastonGisela Stuart
17%
LabourBirmingham ErdingtonJack Dromey
17%
ConservativeMilton Keynes NMark Lancaster
17%
SNPPaisley & Renfrewshire SMhairi Black
17%
ConservativeLoughboroughNicky Morgan
17%
Plaid CymruCarmarthen E & DinefwrJonathan Edwards
16%
ConservativeBlackpool N & CleveleysPaul Maynard
16%
ConservativeRutland & MeltonAlan Duncan
15%
ConservativePortsmouth NPenny Mordaunt
15%
LabourWalsall SValerie Vaz
15%
LabourMerthyr Tydfil & RhymneyGerald Jones
14%
SNPEdinburgh SWJoanna Cherry
14%
ConservativeDorset WOliver Letwin
14%
LabourStreathamChuka Umunna
13%
ConservativeNorfolk NWHenry Bellingham
13%
LabourNorwich SClive Lewis
12%
ConservativeAylesburyDavid Lidington
12%
LabourWythenshawe & Sale EMichael Kane
12%
SNPMorayAngus Robertson
11%
LabourExeterBen Bradshaw
11%
ConservativeStaffordshire SGavin Williamson
11%
LabourBirmingham YardleyJess Phillips
11%
SNPLinlithgow & Falkirk EMartyn Day
11%
LibDemCarshalton & WallingtonTom Brake
11%
ConservativeEsher & WaltonDominic Raab
10%
LabourDudley NIan Austin
10%
LabourDon ValleyCaroline Flint
9%
LabourRhonddaChris Bryant
9%
Lib DemRichmond ParkSarah Olney
9%
ConservativeVale Of GlamorganAlun Cairns
8%
ConservativeGreat YarmouthBrandon Lewis
8%
LabourBlaydonDave Anderson
8%
SNPAberdeen NKirsty Blackman
8%
DUPBelfast NNigel Dodds
8%
LabourBrentford & IsleworthRuth Cadbury
8%
ConservativeHarrow EBob Blackman
7%
ConservativeSouthend WDavid Amess
7%
LabourLeicester SJonathan Ashworth
7%
LabourChorleyLindsay Hoyle
7%
ConservativeSuffolk WMatthew Hancock
7%
LabourHovePeter Kyle
7%
ConservativeCambridgeshire NEStephen Barclay
7%
ConservativeWycombeSteven Baker
7%
LibDemOrkney & ShetlandAlistair Carmichael
6%
LabourBrent NBarry Gardiner
6%
ConservativeDumfriesshire, Clydesdale & TweeddaleDavid Mundell
6%
ConservativeTunbridge WellsGreg Clark
6%
ConservativeAberconwyGuto Bebb
6%
SNPLivingstonHannah Bardell
6%
LabourWansbeckIan Lavery
6%
LabourEdinburgh SIan Murray
6%
LabourBury SIvan Lewis
6%
ConservativeOld Bexley & SidcupJames Brokenshire
6%
ConservativeBraintreeJames Cleverly
6%
ConservativeBasildon & BillericayJohn Baron
6%
LabourWestminster NKaren Buck
6%
ConservativeOxford W & AbingdonNicola Blackwood
6%
LabourYork CentralRachael Maskell
6%
ConservativeNorfolk SRichard Bacon
6%
ConservativeRichmond YorksRishi Sunak
6%
LabourBethnal Green & BowRushanara Ali
6%
ConservativePreseli PembrokeshireStephen Crabb
6%
ConservativeWorthing E & ShorehamTim Loughton
6%
LabourBatley & Spen Tracy Brabin
6%
ConservativeLouth & HorncastleVictoria Atkins
6%
LabourWest Bromwich WAdrian Bailey
5%
LabourHull W & HessleAlan Johnson
5%
ConservativeHavantAlan Mak
5%
ConservativeCheltenhamAlex Chalk
5%
ConservativeSt AlbansAnne Main
5%
ConservativeChristchurchChristopher Chope
5%
LabourNottingham EChristopher Leslie
5%
LabourSheffield SEClive Betts
5%
ConservativeEpping ForestEleanor Laing
5%
ConservativeCroydon CentralGavin Barwell
5%
ConservativeYorkshire EastGreg Knight
5%
LibDemLeeds NWGreg Mulholland
5%
LabourWrexhamIan Lucas
5%
ConservativeRossendale & DarwenJake Berry
5%
LibDemSouthportJohn Pugh
5%
LabourDagenham & RainhamJon Cruddas
5%
LabourRother ValleyKevin Barron
5%
LabourManchester CentralLucy Powell
5%
LabourWest HamLyn Brown
5%
LabourIlford SMike Gapes
5%
LabourBlaenau GwentNick Smith
5%
ConservativeShipleyPhilip Davies
5%
LabourLeeds ERichard Burgon
5%
LabourTooting Rosena Allin-Khan
5%
ConservativeSouth RibbleSeema Kennedy
5%
ConservativeBrighton KemptownSimon Kirby
5%
LabourIlford NWes Streeting
5%
LabourWirral SAlison McGovern
4%
LabourWorsley & Eccles SBarbara Keeley
4%
SNPBerwickshire, Roxburgh & SelkirkCalum Kerr
4%
ConservativeReigateCrispin Blunt
4%
ConservativeGainsboroughEdward Leigh
4%
ConservativeKingston & SurbitonJames Berry
4%
LabourDarlingtonJenny Chapman
4%
LabourLeyton & WansteadJohn Cryer
4%
LabourEllesmere Port & NestonJustin Madders
4%
LabourCardiff WKevin Brennan
4%
LabourBirmingham Hodge HillLiam Byrne
4%
Sinn FéinNewry & ArmaghMickey Brady
4%
ConservativeBedfordshire MidNadine Dorries
4%
ConservativeShropshire NOwen Paterson
4%
LabourSheffield CentralPaul Blomfield
4%
SNPPerth & Perthshire NPete Wishart
4%
ConservativeBracknellPhillip Lee
4%
ConservativeSwindon SRobert Buckland
4%
LabourWolverhampton SWRob Marris
4%
ConservativePenrith & The BorderRory Stewart
4%
LabEaling Central & ActonRupa Huq
4%
DUPAntrim ESammy Wilson
4%
LabourRotherhamSara Champion
4%
ConservativeChelmsfordSimon Burns
4%
ConservativeWinchesterSteve Brine
4%
ConservativeLeicestershire NWAndrew Bridgen
3%
ConservativeBrigg & GooleAndrew Percy
3%
LabourOxford EAndrew Smith
3%
LabourHammersmithAndy Slaughter
3%
LabourStockportAnn Coffey
3%
ConservativeHarwich & Essex NBernard Jenkin
3%
ConservativeBristol NWCharlotte Leslie
3%
ConservativeBournemouth WConor Burns
3%
ConservativeFolkestone & HytheDamian Collins
3%
ConservativePortsmouth SFlick Drummond
3%
ConservativeWorcestershire WHarriett Baldwin
3%
LabourBishop AucklandHelen Goodman
3%
LabourDulwich & W NorwoodHelen Hayes
3%
LabourHalifaxHolly Lynch
3%
LabourBradford EImran Hussain
3%
ConservativeFilton & Bradley StokeJack Lopresti
3%
ConservativeBatterseaJane Ellison
3%
LabourLewisham W & PengeJim Dowd
3%
LabourOldham W & Royton Jim McMahon
3%
DUPStrangfordJim Shannon
3%
ConservativeBury St EdmundsJo Churchill
3%
LabourHemsworthJon Trickett
3%
LabourLuton NKelvin Hopkins
3%
ConservativeSpelthorneKwasi Kwarteng
3%
LabourSheffield HeeleyLouise Haigh
3%
ConservativeYeovilMarcus Fysh
3%
ConservativeCities Of London & WestminsterMark Field
3%
ConservativeForest Of DeanMark Harper
3%
LabourBarnsley EMichael Dugher
3%
LabourLlanelliNia Griffith
3%
LabourScunthorpeNic Dakin
3%
LabourWolverhampton SEPat McFadden
3%
ConservativeDerbyshire DalesPatrick McLoughlin
3%
LabourNewport WPaul Flynn
3%
ConservativeDerbyshire MidPauline Latham
3%
ConservativeWaveneyPeter Aldous
3%
ConservativeWitney Robert Courts
3%
ConservativeHarlowRobert Halfon
3%
ConservativeThanet NRoger Gale
3%
ConservativeCornwall NScott Mann
3%
LabourFeltham & HestonSeema Malhotra
3%
ConservativePudseyStuart Andrew
3%
LabourBristol WThangam Debbonaire
3%
ConservativeBournemouth ETobias Ellwood
3%
LabourMiddlesbrough S & Cleveland ETom Blenkinsop
3%
LabourGedlingVernon Coaker
3%
ConservativeKensingtonVictoria Borwick
3%
ConservativeWindsorAdam Afriyie
2%
SNPKilmarnock & LoudounAlan Brown
2%
ConservativeLeicestershire SAlberto Costa
2%
LabourYnys MonAlbert Owen
2%
ConservativeReading WAlok Sharma
2%
ConservativeCannock ChaseAmanda Milling
2%
ConservativeMorley & OutwoodAndrea Jenkyns
2%
ConservativeHigh PeakAndrew Bingham
2%
ConservativeHarrogate & KnaresboroughAndrew Jones
2%
ConservativeSutton ColdfieldAndrew Mitchell
2%
ConservativeChichesterAndrew Tyrie
2%
ConservativeHornchurch & UpminsterAngela Watkinson
2%
ConservativeNewton AbbotAnne-Marie Morris
2%
LabourHuddersfieldBarry Sheerman
2%
ConservativeBathBen Howlett
2%
LabourSefton CentralBill Esterson
2%
ConservativeBromley & ChislehurstBob Neill
2%
ConservativeBeckenhamBob Stewart
2%
ConservativeGowerByron Davies
2%
ConservativeSleaford & N Hykeham ¶Caroline Johnson
2%
ConservativeRomsey & Southampton NCaroline Nokes
2%
SNPGlasgow NWCarol Monaghan
2%
LabourNewcastle Upon Tyne NCatherine McKinnell
2%
LabourHornsey & Wood GreenCatherine West
2%
ConservativeChesham & AmershamCheryl Gillan
2%
LabourNewcastle Upon Tyne CentralChi Onwurah
2%
ConservativeNorwich NChloe Smith
2%
ConservativeBolton WChris Green
2%
LabourChester, City OfChris Matheson
2%
ConservativeDevizesClaire Perry
2%
ConservativeHampshire EDamian Hinds
2%
UUPAntrim SDanny Kinahan
2%
ConservativeEnfield SouthgateDavid Burrowes
2%
LabourBolton NEDavid Crausby
2%
LabourHull NDiana Johnson
2%
ConservativeBeaconsfieldDominic Grieve
2%
LabourStoke-on-Trent CentralGareth Snell
2%
LabourLuton SGavin Shuker
2%
ConservativeCotswolds, TheGeoffrey Clifton-Brown
2%
ConservativeDevon W & TorridgeGeoffrey Cox
2%
ConservativeCamborne & RedruthGeorge Eustice
2%
LabourBlackpool SGordon Marsden
2%
ConservativeWelwyn HatfieldGrant Shapps
2%
DUPLondonderry EGregory Campbell
2%
Plaid CymruArfonHywel Williams
2%
ConservativeBridgwater & Somerset WIan Liddell-Grainger
2%
LabourGatesheadIan Mearns
2%
DUPLagan ValleyJeffrey Donaldson
2%
LabourManchester WithingtonJeff Smith
2%
ConservativeStaffordJeremy Lefroy
2%
LabourPoplar & LimehouseJim Fitzpatrick
2%
LabourEnfield NJoan Ryan
2%
LabourWentworth & DearneJohn Healey
2%
ConservativePlymouth Moor ViewJohnny Mercer
2%
ConservativeWokinghamJohn Redwood
2%
ConservativeMaldonJohn Whittingdale
2%
ConservativeWokingJonathan Lord
2%
LabourCardiff CentralJo Stevens
2%
LabourBradford SJudith Cummins
2%
ConservativeCanterburyJulian Brazier
2%
ConservativeSolihullJulian Knight
2%
ConservativeNew Forest EJulian Lewis
2%
LabourBurnleyJulie Cooper
2%
ConservativeRedditchKaren Lumley
2%
LabourEdmontonKate Osamor
2%
LabourBristol EKerry McCarthy
2%
ConservativeHampshire NWKit Malthouse
2%
IndDown NLady Sylvia Hermon
2%
LabourNottingham SLilian Greenwood
2%
ConservativeLewesMaria Caulfield
2%
ConservativeRayleigh & WickfordMark Francois
2%
LibDemCeredigionMark Williams
2%
ConservativeHendonMatthew Offord
2%
ConservativeFinchley & Golders GreenMike Freer
2%
SNPAngusMike Weir
2%
LabourBradford WNaseem Shah
2%
ConservativeStroudNeil Carmichael
2%
LabourBermondsey & Old SouthwarkNeil Coyle
2%
ConservativeGrantham & StamfordNicholas Boles
2%
LabourDurham NWPat Glass
2%
LabourDewsburyPaula Sherriff
2%
LabourNewcastle-under-LymePaul Farrelly
2%
ConservativeSutton & CheamPaul Scully
2%
LabourBootlePeter Dowd
2%
LabourSedgefieldPhil Wilson
2%
ConservativeGillingham & RainhamRehman Chishti
2%
ConservativeNewburyRichard Benyon
2%
ConservativeGloucesterRichard Graham
2%
LabourDurham, City OfRoberta Blackman-Woods
2%
LabourBlyth ValleyRonnie Campbell
2%
LabourStoke-on-Trent NRuth Smeeth
2%
ConservativeTruro & FalmouthSarah Newton
2%
LabourBirmingham LadywoodShabana Mahmood
2%
LabourRochdaleSimon Danczuk
2%
LabourCardiff S & PenarthStephen Doughty
2%
SNPFife NEStephen Gethins
2%
ConservativeWimbledonStephen Hammond
2%
LabourLiverpool WaltonSteve Rotheram
2%
ConservativeTwickenhamTania Mathias
2%
SNPOchil & Perthshire STasmina Ahmed-Sheikh
2%
ConservativeSuffolk CoastalTherese Coffey
2%
UUPFermanagh & S TyroneTom Elliott
2%
LabourHampstead & KilburnTulip Siddiq
2%
ConservativeColchesterWill Quince
2%
LabourTynemouthAlan Campbell
1%
ConservativeSaffron WaldenAlan Haselhurst
1%
LabourMansfieldAlan Meale
1%
LabourSouthampton TestAlan Whitehead
1%
ConservativeElmet & RothwellAlec Shelbrooke
1%
LabourStockton NAlex Cunningham
1%
SNPGlasgow CentralAlison Thewliss
1%
ConservativeBedfordshire NEAlistair Burt
1%
ConservativeDerby NAmanda Solloway
1%
LabourDenton & ReddishAndrew Gwynne
1%
LabourMiddlesbroughAndrew McDonald
1%
ConservativeRomfordAndrew Rosindell
1%
ConservativeIsle Of WightAndrew Turner
1%
LabourPenistone & StocksbridgeAngela Smith
1%
SNPNa H-eileanan An IarAngus MacNeil
1%
LabourRedcarAnna Turley
1%
ConservativeBerwick-upon-TweedAnne-Marie Trevelyan
1%
ConservativeGuildfordAnne Milton
1%
ConservativeEddisburyAntoinette Sandbach
1%
ConservativeWyre & Preston NBen Wallace
1%
SNPArgyll & ButeBrendan O'Hara
1%
LabourHoughton & Sunderland SBridget Phillipson
1%
SNPAberdeen SCallum McCaig
1%
ConservativeMeridenCaroline Spelman
1%
ConservativeBroxbourneCharles Walker
1%
ConservativeDoverCharlie Elphicke
1%
SNPDundee WChris Law
1%
ConservativeKingswoodChris Skidmore
1%
LabourNeathChristina Rees
1%
ConservativeBrecon & RadnorshireChristopher Davies
1%
LabourElthamClive Efford
1%
LabourCoventry NEColleen Fletcher
1%
LabourSt Helens NConor McGinn
1%
ConservativeShrewsbury & AtchamDaniel Kawczynski
1%
ConservativeSuffolk Central & Ipswich NDaniel Poulter
1%
ConservativeHertfordshire SWDavid Gauke
1%
ConservativeNorthampton SDavid Mackintosh
1%
ConservativeWarrington SDavid Mowat
1%
ConservativeBury NDavid Nuttall
1%
ConservativeMacclesfieldDavid Rutley
1%
DUPUpper BannDavid Simpson
1%
ConservativeSomerton & FromeDavid Warburton
1%
SNPEdinburgh N & LeithDeidre Brock
1%
ConservativeSt IvesDerek Thomas
1%
LabourHaltonDerek Twigg
1%
ConservativeNew Forest WDesmond Swayne
1%
SNPDunfermline & Fife WDouglas Chapman
1%
SNPInverness, Nairn, Badenoch & StrathspeyDrew Hendry
1%
ConservativeWantageEd Vaizey
1%
ConservativeCharnwoodEdward Argar
1%
ConservativeHarboroughEdward Garnier
1%
ConservativeCrewe & NantwichEdward Timpson
1%
LabourSouth ShieldsEmma Lewell-Buck
1%
LabourWolverhampton NEEmma Reynolds
1%
LabourLeeds NEFabian Hamilton
1%
LabourSloughFiona Mactaggart
1%
Sinn FéinUlster MidFrancie Molloy
1%
LabourHarrow WGareth Thomas
1%
ConservativeDevon SWGary Streeter
1%
DUPBelfast EGavin Robinson
1%
LabourKnowsleyGeorge Howarth
1%
LabourSwansea WGeraint Davies
1%
ConservativeAldershotGerald Howarth
1%
LabourSheffield Brightside & Hillsborough Gill Furniss
1%
LabourAshfieldGloria de Piero
1%
ConservativeMontgomeryshireGlyn Davies
1%
ConservativeSittingbourne & SheppeyGordon Henderson
1%
ConservativeWeaver ValeGraham Evans
1%
ConservativeBeverley & HoldernessGraham Stuart
1%
ConservativeMaidstone & The WealdHelen Grant
1%
ConservativeFaversham & Kent MidHelen Whately
1%
ConservativeDevon EHugo Swire
1%
ConservativeBexhill & BattleHuw Merriman
1%
LabourHartlepoolIain Wright
1%
ConservativeThurrockJackie Doyle-Price
1%
ConservativeSuffolk SJames Cartlidge
1%
ConservativeWiltshire NJames Gray
1%
ConservativeWellsJames Heappey
1%
ConservativeStockton SJames Wharton
1%
ConservativeColne ValleyJason McCartney
1%
ConservativeKenilworth & SouthamJeremy Wright
1%
ConservativeHereford & Herefordshire SJesse Norman
1%
LabourNewport EJessica Morden
1%
LabourCoventry SJim Cunningham
1%
SNPDunbartonshire EJohn Nicolson
1%
ConservativeWeston-super-MareJohn Penrose
1%
ConservativeCarlisleJohn Stevenson
1%
LabourBarrow & FurnessJohn Woodcock
1%
ConservativeHuntingdonJonathan Djanogly
1%
LabourStalybridge & HydeJonathan Reynolds
1%
ConservativeSkipton & RiponJulian Smith
1%
ConservativeYork OuterJulian Sturdy
1%
LabourSunderland CentralJulie Elliott
1%
ConservativeSwindon NJustin Tomlinson
1%
LabourBristol SKarin Smyth
1%
LabourHull EKarl Turner
1%
LabourStretford & UrmstonKate Green
1%
LabourBlackburnKate Hollern
1%
ConservativeBroadlandKeith Simpson
1%
LabourBirmingham Perry BarrKhalid Mahmood
1%
SNPRenfrewshire EKirsten Oswald
1%
ConservativeTewkesburyLaurence Robertson
1%
SNPEast Kilbride, Strathaven & LesmahagowLisa Cameron
1%
LabourHeywood & MiddletonLiz McInnes
1%
Plaid CymruDwyfor MeirionnyddLiz Saville Roberts
1%
ConservativeThornbury & YateLuke Hall
1%
ConservativeErewashMaggie Throup
1%
ConservativeNuneatonMarcus Jones
1%
SNPRutherglen & Hamilton WMargaret Ferrier
1%
SDLPDown SMargaret Ritchie
1%
ConservativeStourbridgeMargot James
1%
LabourSt Helens S & WhistonMarie Rimmer
1%
SDLPFoyleMark Durkan
1%
ConservativeWyre ForestMark Garnier
1%
LabourPrestonMark Hendrick
1%
ConservativeWrekin, TheMark Pritchard
1%
ConservativeSherwoodMark Spencer
1%
ConservativeCleethorpesMartin Vickers
1%
LabourGreenwich & WoolwichMatthew Pennycook
1%
LabourHackney S & ShoreditchMeg Hillier
1%
LabourGreat GrimsbyMelanie Onn
1%
ConservativeNorthampton NMichael Ellis
1%
ConservativeDorset Mid & Poole NMichael Tomlinson
1%
ConservativeChippenhamMichelle Donelan
1%
SNPEdinburgh WMichelle Thomson
1%
SNPGlasgow ENatalie McGarry
1%
LabourDerbyshire NENatascha Engel
1%
SNPAirdrie & ShottsNeil Gray
1%
ConservativeRuislip, Northwood & PinnerNick Hurd
1%
LabourTorfaenNick Thomas-Symonds
1%
ConservativeAmber ValleyNigel Mills
1%
ConservativeWealdenNus Ghani
1%
ConservativePlymouth Sutton & DevonportOliver Colvile
1%
ConservativeHertsmereOliver Dowden
1%
SNPMidlothianOwen Thompson
1%
SNPAyrshire N & ArranPatricia Gibson
1%
ConservativeMole ValleyPaul Beresford
1%
SNPCaithness, Sutherland & Easter RossPaul Monaghan
1%
ConservativeDevon NPeter Heaton-Jones
1%
SNPCoatbridge, Chryston & BellshillPhilip Boswell
1%
ConservativeKetteringPhilip Hollobone
1%
ConservativeHampshire NERanil Jayawardena
1%
ConservativeTaunton DeaneRebecca Pow
1%
SNPDumfries & GallowayRichard Arkless
1%
LabourBirmingham NorthfieldRichard Burden
1%
ConservativeBedfordRichard Fuller
1%
ConservativeWatfordRichard Harrington
1%
ConservativeNewarkRobert Jenrick
1%
LabourStoke-on-Trent SRob Flello
1%
ConservativeWorcesterRobin Walker
1%
LabourBirmingham Hall GreenRoger Godsiff
1%
ConservativeSouthampton ItchenRoyston Smith
1%
ConservativeSurrey ESam Gyimah
1%
LabourWashington & Sunderland WSharon Hodgson
1%
ConservativeCornwall SESheryll Murray
1%
LabourEaling NStephen Pound
1%
LabourEast HamStephen Timms
1%
ConservativeSt Austell & NewquaySteve Double
1%
LabourBirmingham Selly OakSteve McCabe
1%
LabourCroydon NSteve Reed
1%
SNPDundee EStewart Hosie
1%
SNPGlasgow SStewart McDonald
1%
LabourWorkingtonSue Hayman
1%
ConservativeFarehamSuella Fernandes
1%
LabourErith & ThamesmeadTeresa Pearce
1%
LabourChesterfieldToby Perkins
1%
ConservativeCorbyTom Pursglove
1%
ConservativeTonbridge & MallingTom Tugendhat
1%
ConservativeChatham & AylesfordTracey Crouch
1%
LabourCopelandTrudy Harrison
1%
ConservativeBanburyVictoria Prentis
1%
LabourCaerphillyWayne David
1%
ConservativeAldridge-BrownhillsWendy Morton
1%
ConservativeHazel GroveWilliam Wragg
1%
LabourBolton SEYasmin Qureshi
1%
ConservativeGraveshamAdam Holloway
0%
ConservativeBurtonAndrew Griffiths
0%
ConservativeWiltshire SWAndrew Murrison
0%
ConservativeBedfordshire SWAndrew Selous
0%
ConservativePendleAndrew Stephenson
0%
SNPLanark & Hamilton EAngela Crawley
0%
SNPGlasgow NEAnne McLaughlin
0%
ConservativeHerefordshire NBill Wiggin
0%
ConservativeGosportCaroline Dinenage
0%
LabourSwansea ECarolyn Harris
0%
ConservativeDaventryChris Heaton-Harris
0%
ConservativeCroydon SChris Philp
0%
LabourIslwynChristopher Evans
0%
ConservativeTamworthChristopher Pincher
0%
SNPGlasgow SWChristopher Stephens
0%
ConservativeWarwick & LeamingtonChris White
0%
SNPAyr, Carrick & CumnockCorri Wilson
0%
ConservativeThanet SCraig Mackinlay
0%
ConservativeWarwickshire NCraig Tracey
0%
ConservativeCalder ValleyCraig Whittaker
0%
ConservativeCardiff NCraig Williams
0%
LabourCambridgeDaniel Zeichner
0%
ConservativeBexleyheath & CrayfordDavid Evennett
0%
LabourDelynDavid Hanson
0%
ConservativeBosworthDavid Tredinnick
0%
LabourWalsall NDavid Winnick
0%
SDLPBelfast SDr Alasdair McDonnell
0%
SNPBanff & BuchanEilidh Whiteford
0%
ConservativeDartfordGareth Johnson
0%
SNPPaisley & Renfrewshire NGavin Newlands
0%
LabourCoventry NWGeoffrey Robinson
0%
ConservativeNorfolk MidGeorge Freeman
0%
ConservativeMeon ValleyGeorge Hollingbery
0%
SNPEast LothianGeorge Kerevan
0%
LabourEasingtonGrahame Morris
0%
LabourBlackley & BroughtonGraham Stringer
0%
ConservativeChelsea & FulhamGreg Hands
0%
ConservativeHexhamGuy Opperman
0%
ConservativeDerbyshire SHeather Wheeler
0%
ConservativeCrawleyHenry Smith
0%
LabourOgmoreHuw Irranca-Davies
0%
ConservativeMilton Keynes SIain Stewart
0%
ConservativeVale Of ClwydJames Davies
0%
ConservativeRochford & Southend EJames Duddridge
0%
ConservativeHalesowen & Rowley RegisJames Morris
0%
ConservativeHorshamJeremy Quin
0%
ConservativeSalisburyJohn Glen
0%
ConservativeSouth Holland & The DeepingsJohn Hayes
0%
ConservativeHenleyJohn Howell
0%
SNPFalkirkJohn McNally
0%
LabourWarleyJohn Spellar
0%
ConservativeLincolnKarl McCartney
0%
ConservativeRochester & StroodKelly Tolhurst
0%
ConservativeTorbayKevin Foster
0%
ConservativeThirsk & MaltonKevin Hollinrake
0%
ConservativeKeighleyKris Hopkins
0%
ConservativeCambridgeshire SELucy Frazer
0%
LabourBridgendMadeleine Moon
0%
SNPMotherwell & WishawMarion Fellows
0%
ConservativeFyldeMark Menzies
0%
ConservativeRugbyMark Pawsey
0%
ConservativeHertford & StortfordMark Prisk
0%
LabourAlyn & DeesideMark Tami
0%
SNPDunbartonshire WMartin Docherty
0%
LabourTyneside NMary Glindon
0%
ConservativeBoston & SkegnessMatt Warman
0%
ConservativeDevon CentralMel Stride
0%
ConservativeHemel HempsteadMike Penning
0%
ConservativeDudley SMike Wood
0%
ConservativeEastleighMims Davies
0%
ConservativeStratford-on-AvonNadhim Zahawi
0%
ConservativeTiverton & HonitonNeil Parish
0%
ConservativeBognor Regis & LittlehamptonNick Gibb
0%
ConservativeArundel & S DownsNick Herbert
0%
ConservativeWorcestershire MidNigel Huddleston
0%
ConservativeHertfordshire NEOliver Heald
0%
Sinn FéinTyrone WPat Doherty
0%
SNPGlasgow NPatrick Grady
0%
Sinn FéinBelfast WPaul Maskey
0%
SNPGlenrothesPeter Grant
0%
ConservativeLudlowPhilip Dunne
0%
SNPAyrshire CentralPhilippa Whitford
0%
ConservativeCastle PointRebecca Harris
0%
ConservativeDorset SRichard Drax
0%
ConservativeScarborough & WhitbyRobert Goodwill
0%
ConservativePooleRobert Syms
0%
ConservativeReading ERob Wilson
0%
SNPKirkcaldy & CowdenbeathRoger Mullin
0%
SNPInverclydeRonnie Cowan
0%
ConservativeCambridgeshire NWShailesh Vara
0%
ConservativeCarmarthen W & Pembrokeshire SSimon Hart
0%
ConservativeDorset NSimon Hoare
0%
LabourMitcham & MordenSiobhain McDonagh
0%
LabourJarrowStephen Hepburn
0%
ConservativeStevenageStephen McPartland
0%
ConservativeBasildon S & Thurrock EStephen Metcalfe
0%
SNPStirlingSteven Paterson
0%
ConservativePeterboroughStewart Jackson
0%
SNPAberdeenshire W & KincardineStuart Donaldson
0%
SNPCumbernauld, Kilsyth & Kirkintilloch EStuart McDonald
0%
LabourClwyd SSusan Elan Jones
0%
SNPEdinburgh ETommy Sheppard
0%
LabourLewisham DeptfordVicky Foxcroft
0%
LabourEaling SouthallVirendra Sharma
0%
LabourMakerfieldYvonne Fovargue
0%

Score Distribution

Percentile by Number Answered

Percent of People with Each Score

Your Score History

You have not taken this quiz since the last reset